000 00511nam a2200193Ia 4500
001 47629
005 20250203094734.0
008 140429s9999 xx 000 0 und d
020 _aNA
040 _cPK-LaUMT
082 _aRHC 297.72
_bIDR-R
100 _aIdrees, Muhammad
_94415
245 _aRasool-e-Rahmat (PBUH) tavaaron kay saai mein (Urdu)
_cIdrees, Muhammad
260 _aLahore,Pakistan:
_bMaktaba-e-Haya-e-Din,
_c1994
300 _a344 p.
546 _aUR
650 _aJehaad
_94416
942 _cBK
999 _c45546
_d45546